Your A-Z on Mental Health (Record no. 17448)

MARC details
000 -LEADER
fixed length control field 00400nam a22001457a 4500
008 - FIXED-LENGTH DATA ELEMENTS--GENERAL INFORMATION
fixed length control field 190218b xxu||||| |||| 00| 0 eng d
020 ## - INTERNATIONAL STANDARD BOOK NUMBER
International Standard Book Number 9966724982
050 ## - LIBRARY OF CONGRESS CALL NUMBER
Classification number RC440
Item number .N34 2014 c.1
100 ## - MAIN ENTRY--PERSONAL NAME
Personal name Ndetei, David Musyimi
245 ## - TITLE STATEMENT
Title Your A-Z on Mental Health
Statement of responsibility, etc. David Musyimi Ndetei
250 ## - EDITION STATEMENT
Edition statement 2nd ed.
260 ## - PUBLICATION, DISTRIBUTION, ETC. (IMPRINT)
Place of publication, distribution, etc. Nairobi
Name of publisher, distributor, etc. Acrodile Publishing Ltd
Date of publication, distribution, etc. 2014
300 ## - PHYSICAL DESCRIPTION
Extent 563p.
942 ## - ADDED ENTRY ELEMENTS (KOHA)
Source of classification or shelving scheme Library of Congress Classification
Koha item type General Collection
Holdings
Withdrawn status Lost status Source of classification or shelving scheme Not for loan Home library Current library Date acquired Cost, normal purchase price Total Checkouts Full call number Barcode Date last seen Date last checked out Price effective from Koha item type
    Library of Congress Classification   Kabarak, Main Campus Kabarak, Main Campus 18/02/2019 1392.00 1 RC440 .N34 2014 c.1 025086 02/12/2021 01/12/2021 18/02/2019 General Collection
    Library of Congress Classification   Kabarak, Main Campus Kabarak, Main Campus 18/02/2019 1392.00 2 RC440 .N34 2014 c.2 025087 10/03/2026 22/05/2025 18/02/2019 General Collection
    Library of Congress Classification   Kabarak, Main Campus Kabarak, Main Campus 18/02/2019 1392.00   RC440 .N34 2014 c.3 025088 18/02/2019   18/02/2019 General Collection
    Library of Congress Classification   Kabarak, Main Campus Kabarak, Main Campus 18/02/2019 1392.00 4 RC440 .N34 2014 c.4 025089 10/02/2020 24/01/2020 18/02/2019 General Collection
Designed with assistance from East African Informatics Ltd